|
|
|
|
| LEADER |
01810nam a2200457 4500 |
| 001 |
ocn903611983 |
| 003 |
OCoLC |
| 005 |
20190103103733.0 |
| 006 |
m o d |
| 007 |
cr cn||||||||| |
| 008 |
120210s2012 gw ad ob 001 0 eng d |
| 040 |
|
|
|a YDXCP
|b eng
|c YDXCP
|d OCLCO
|d UIU
|d OCLCF
|d OCLCQ
|d TKN
|d GrThAP
|
| 020 |
|
|
|a 3527631968
|q (electronic bk.)
|
| 020 |
|
|
|a 9783527631964
|q (electronic bk.)
|
| 020 |
|
|
|a 352763195X
|q (electronic bk.)
|
| 020 |
|
|
|a 9783527631957
|q (electronic bk.)
|
| 020 |
|
|
|z 9783527311576
|
| 035 |
|
|
|a (OCoLC)903611983
|
| 050 |
|
4 |
|a TA455.C43
|b S96 2012
|
| 072 |
|
7 |
|a TEC
|x 009010
|2 bisacsh
|
| 082 |
0 |
4 |
|a 666
|2 23
|
| 049 |
|
|
|a MAIN
|
| 245 |
0 |
0 |
|a Ceramics science and technology.
|n Vol. 3,
|p Synthesis and processing /
|c edited by Ralf Riedel and I-Wei Chen.
|
| 250 |
|
|
|a 1st ed.
|
| 260 |
|
|
|a Weinheim, Germany :
|b Wiley-VCH,
|c [2012]
|
| 300 |
|
|
|a 1 online resource (xxi, 531 pages) :
|b illustrations (some color).
|
| 336 |
|
|
|a text
|b txt
|2 rdacontent
|
| 337 |
|
|
|a computer
|b c
|2 rdamedia
|
| 338 |
|
|
|a online resource
|b cr
|2 rdacarrier
|
| 490 |
0 |
|
|a Ceramics science and technology ;
|v v. 3
|
| 504 |
|
|
|a Includes bibliographical references and index.
|
| 505 |
0 |
|
|a pt. 1. Powders -- pt. 2. Densification and beyond -- pt. 3. Films and coatings -- pt. 4. Manufacturing technology -- pt. 5. Alternative strategies to consider.
|
| 588 |
0 |
|
|a Online resource; title from digital title page (viewed on May 2, 2014).
|
| 650 |
|
0 |
|a Ceramic materials.
|
| 650 |
|
7 |
|a TECHNOLOGY & ENGINEERING
|x Chemical & Biochemical.
|2 bisacsh
|
| 650 |
|
7 |
|a Ceramic materials.
|2 fast
|0 (OCoLC)fst00850974
|
| 655 |
|
4 |
|a Electronic books.
|
| 700 |
1 |
|
|a Riedel, Ralf.
|
| 700 |
1 |
|
|a Chen, I-Wei.
|
| 856 |
4 |
0 |
|u https://doi.org/10.1002/9783527631957
|z Full Text via HEAL-Link
|
| 994 |
|
|
|a C0
|b DG1
|